000
00242nam a22001097a 4500
008
160505b xxu||||| |||| 00| 0 eng d
020
_a
0781772451
041
_a
eng
080
_a
611
245
_a
Neuroanatomy:
_c
James D. Fix;
942
_2
udc
_c
BK
999
_c
1805
_d
1805